| 000 | | | 04520nmc2a22000003x 450 |
| 001 | | | dd62e516-e7b1-487b-a093-c026e4f902cb |
| 005 | | | 20181128203728.0 |
| 100 | ## | $a | 20170112l18251826k l0rusy0189 ca |
| 101 | 0# | $a | rus |
| 102 | ## | $a | RU |
| 200 | 1# | $a | Дело по прошениям разных лиц: музыкантов: Диарманд, Бервальд, Гаммер, актёра Долбилова, Апполона, балетмейстера Болашева, надворного советника Клушина, капельдинера Андреева, портного Регак, Крутицкой и Мусориной |
| | $j | 6 марта 1825 г. - 13 июля 1826 г. |
| 251 | ## | $c | Дело |
| 300 | ## | $a | Дело |
| 300 | ## | $a | Ориг. заголовок дела: Дело по запросам о доставлении сведений по всеподданнейшим прошениям вдов: музыканта Диарманда, актёра Долбилова, балетмейстера Балашева, надворного советника Клушина, музыканта Бервальда, капельдинера Андреева, музыканта Гаммера, музыканта Апполона, портного Регак. 6 марта 1825 г. - 13 июля 1826 г |
| 801 | #0 | $a | RU |
| | $b | РГИА |
| | $c | 20170112 |
| | $g | RCR |
| 801 | #1 | $a | RU |
| | $b | ГлавНИВЦ |
| | $c | 20170112 |
| | $2 | rusmarc |
| 801 | #2 | $a | RU |
| | $b | ПБ им. Б.Н. Ельцина |
| | $c | 20181128 |
| | $g | RCR |
| | $2 | rusmarc |
| 850 | ## | $a | РГИА |
| 852 | ## | $a | РГИА |
| | $e | Федеральное казенное учреждение "Российский государственный исторический архив" (РГИА) |
| | $j | 2806 |
| 937 | ## | $h | РГИА |
| | $d | 12238912 |
| | $a | ASBIBLIO_SCAN |
| 462 | #0 | $1 | 001dd3991dc-24e1-42ec-8838-ca4255420416 |
| | $1 | 2001 |
| | $a | 1746-1850 гг. |
| | $1 | 251 |
| | $c | Опись |
| | $1 | 852 |
| | $j | 1 |
| 461 | #0 | $1 | 0019264ebf8-de62-4f1a-9eb4-9f22098dbbd5 |
| | $1 | 2001 |
| | $a | Дирекция императорских театров МИДв |
| | $1 | 251 |
| | $c | Фонд |
| | $1 | 852 |
| | $j | 497 |
| 215 | ## | $a | 24 л. |
| | $d | 36,5х26 см |
| 371 | ## | $a | Документ не является опубликованным и широко распространяемым |
| 105 | ## | $a | y### |
| 122 | 2# | $a | d |
| 517 | 1# | $a | Дело по запросам о доставлении сведений по всеподданнейшим прошениям вдов: музыканта Диарманда, актёра Долбилова, балетмейстера Балашева, надворного советника Клушина, музыканта Бервальда, капельдинера Андреева, музыканта Гаммера, музыканта Апполона, портного Регак. 6 марта 1825 г. - 13 июля 1826 г |
| 035 | ## | $a | dd62e516-e7b1-487b-a093-c026e4f902cb |
| 856 | ## | $u | http://readingroom.main.prlib.ru/item.aspx?id_node=n121103364&mode=full |